Statistiques concernant Joueurs ayant marqué en final de ldc depuis 1990

Cliquez ici pour prendre le quiz!

Statistiques générales

  • Ce quiz a été pris 146 fois
  • Le résultat moyen est 30 sur 67

Statistiques - réponses

AnnéesNomClubs% Correct
2017/2014/2008Cristiano RonaldoReal Madrid / Manchester United
98%
2019Mohamed SalahLiverpool
95%
2018Karim BenzemaReal Madrid
93%
2011/2009Lionel MessiBarcelone
93%
2023RodriManchester City
92%
2020Kingsley ComanBayern Munich
91%
2018/2014Gareth BaleReal Madrid
89%
2018Sadio ManéLiverpool
89%
2021Kai HavertzChelsea
84%
2015Luis SuarezBarcelone
83%
2015Neymar Jr.Barcelone
83%
2016/2014Sergio RamosReal Madrid
80%
2012Didier DrogbaChelsea
79%
2002Zinedine ZidaneReal Madrid
77%
2017/2013Mario MandzukicJuventus / Bayern Munich
76%
2013Arjen RobbenBayern Munich
70%
2022Vinicius JuniorReal Madrid
70%
2009/2006Samuel Eto'oBarcelone
69%
2005Steven GerrardLiverpool
62%
2017CasemiroReal Madrid
61%
2011David VillaBarcelone
59%
2015Ivan RakiticBarcelone
58%
2011Wayne RooneyManchester United
58%
2014Diego GodinAtletico Madrid
57%
2019Divock OrigiLiverpool
57%
2017Marco AsensioReal Madrid
57%
2010Diego MilitoInter Milan
53%
2014MarceloReal Madrid
52%
2012Thomas MullerBayern Munich
52%
1993Basile BoliMarseille
51%
2007Filippo InzaghiAC Milan
49%
2015Alvaro MorataJuventus
48%
2005Paolo MaldiniAC Milan
48%
2011PedroBarcelone
48%
2002/2000RaulReal Madrid
46%
2004DecoFC Porto
44%
2008Frank LampardChelsea
44%
2016Yannick CarrascoAtletico Madrid
43%
2013Ilkay GundoganDortmund
40%
2005Xabi AlonsoLiverpool
38%
2005Hernan CrespoAC Milan
32%
1997Alessandro Del PieroJuventus
28%
2000Fernando MorientesReal Madrid
26%
2007Dirk KuytLiverpool
22%
1994Marcel DesaillyAC Milan
22%
2006Sol CampbellArsenal
21%
1995Patrick KluivertAjax
20%
2005Vladimir SmicerLiverpool
20%
1990Frank RijkaardAC Milan
17%
2006Juliano BellettiBarcelone
16%
1999Ole Gunnar SolskjærManchester United
16%
1992Ronald KoemanBarcelone
15%
1999Teddy SheringhamManchester United
12%
2001Gaizka MendietaValence
10%
1998Predrag MijatovicReal Madrid
10%
2004Carlos AlbertoFC Porto
9%
1997Lars RickenDortmund
9%
2002LucioBayer Leverkusen
9%
1996Jari LitmanenAjax
8%
2000Steve McManamanReal Madrid
8%
1994Daniele MassaroAC Milan
7%
1994Dejan SavicevicAC Milan
7%
2001Stefan EffenbergBayern Munich
7%
1996Fabrizio RavanelliJuventus
6%
1997Karl-Heinz RiedleDortmund
5%
1999Mario BaslerBayern Munich
5%
2004Dmitrij AlenicevFC Porto
2%

Distribution des résultats

Percentile par nombre de réponses

% des personnes avec chaque résultat

Votre développement - résultats

Vous n’avez pas pris ce quiz